Účtovníctvo v procese svetovej harmonizácie - súčasný stav a tendencie vývoja diplomová práca

Enregistré dans:
Détails bibliographiques
Auteur principal: Koporec, Lukáš
Collectivité auteur: Fakulta hospodárskej informatiky EU. Katedra účtovníctva a audítorstva
Autres auteurs: Tumpach, Miloš, 1970-
Format: Livre
Langue:slovaque
Publié: Bratislava 2012
Tags: Ajouter un tag
Pas de tags, Soyez le premier à ajouter un tag!

MARC

LEADER 00000nbm a2200000 4500
001 0154715
005 20161109102139.7
041 0 |a slo 
044 |a SK 
245 1 0 |a Účtovníctvo v procese svetovej harmonizácie - súčasný stav a tendencie vývoja  |b diplomová práca  |c Lukáš Koporec ; školiteľ: Miloš Tumpach 
264 1 |a Bratislava  |c 2012 
300 |a 60 s. 
100 1 |a Koporec, Lukáš 
700 1 |a Tumpach, Miloš, 1970- 
710 2 |a Fakulta hospodárskej informatiky EU. Katedra účtovníctva a audítorstva